|
|
|
|
| LEADER |
01340nam a22003374a 4500 |
| 001 |
41667 |
| 003 |
BD-DhAAL |
| 005 |
20230907163729.0 |
| 008 |
230907t2004 njua b 001 0 eng d |
| 010 |
|
|
|a 2003042386
|
| 020 |
|
|
|a 9780805842784
|
| 020 |
|
|
|a 0805842772 (alk. paper)
|
| 020 |
|
|
|a 0805842780 (pbk. : alk. paper)
|
| 040 |
|
|
|a DLC
|c DLC
|d DLC
|d BD-DhAAL
|
| 042 |
|
|
|a pcc
|
| 050 |
0 |
0 |
|a LC201.5
|b .M43 2004
|
| 082 |
0 |
0 |
|a 306.44
|2 21
|
| 245 |
0 |
0 |
|a Medium of instruction policies :
|b which agenda? whose agenda? /
|c edited by James W. Tollefson, Amy B.M. Tsui.
|
| 260 |
|
|
|a New York, NY :
|b Routledge,
|c 2010.
|
| 300 |
|
|
|a xi, 306 pages :
|b illustrations ;
|c 24 cm.
|
| 504 |
|
|
|a Includes bibliographical references and index.
|
| 526 |
|
|
|a ENH
|
| 541 |
|
|
|a Trim Education
|e 41667
|
| 650 |
|
0 |
|a Native language and education
|x Government policy
|v Cross-cultural studies.
|9 55486
|
| 650 |
|
0 |
|a Education, Bilingual
|x Government policy
|v Cross-cultural studies.
|9 55487
|
| 700 |
1 |
|
|a Tollefson, James W.
|9 55488
|
| 700 |
1 |
|
|a Tsui, Amy.
|9 55489
|
| 852 |
|
|
|a Ayesha Abed Library
|c General Stacks
|
| 942 |
|
|
|2 ddc
|c BK
|
| 999 |
|
|
|c 46080
|d 46080
|
| 952 |
|
|
|0 0
|1 0
|2 ddc
|4 0
|6 306_440000000000000_MED
|7 0
|9 74332
|a BRACUL
|b BRACUL
|c GEN
|d 2023-09-05
|e Trim Education
|g 5000.00
|l 1
|m 2
|o 306.44 MED
|p 3010041667
|r 2024-08-14
|s 2023-09-10
|t 1
|v 5000.00
|w 2023-09-05
|y BK
|